| 000 | 014610000a22003370004500 | ||
|---|---|---|---|
| 003 | EG-GICUC | ||
| 005 | 20250223025127.0 | ||
| 008 | 080117s2001 ua d f m 000 0 eng d | ||
| 040 |
_aEG-GICUC _beng _cEG-GICUC |
||
| 041 | 0 | _aEng | |
| 049 | _aDeposite | ||
| 097 | _aPh.D | ||
| 099 | _aCai01.12.21.Ph.D.2001.Lo.B | ||
| 100 | 0 | _aLobna AbdElmoniem Mohamed Hassanin | |
| 245 | 1 | 0 |
_aBiochemical and physiological studies on certain analgesic drugs (tenoxicam and nefopam) in Albino Rats / _cLobna AbdElmoniem Mohamed Hassanin ; Supervised Khamis A.AbdElraheem , Nagwa E.Elmossallamy , Mohamed M.Badawi , Buthina S.Said |
| 246 | 1 | 5 | _aدراسات كيميائية حيوية وفسيولوجية لتأثير بعض العقاقير المسكنة (تينوكسيكام ونيفوبام) على الفئران البيضاء |
| 260 |
_aCairo : _bLobna AbdElmoniem Mohamed Hassanin , _c2001 |
||
| 300 |
_a154P. : _bcharts ; _c30cm |
||
| 502 | _aThesis (Ph.D.) - Cairo University - Faculty Of Science - Department Of Zoology | ||
| 653 | 4 | _aAlbino Rats | |
| 653 | 4 | _aCertain analgesic drugs | |
| 653 | 4 | _aTenoxicam and nefopam | |
| 700 | 0 |
_aButhina S.Said , _eSupervisor |
|
| 700 | 0 |
_aKhamis A.AbdElraheem , _eSupervisor |
|
| 700 | 0 |
_aMohamed M.Badawi , _eSupervisor |
|
| 700 | 0 |
_aNagwa E.Elmossallamy , _eSupervisor |
|
| 856 | _uhttp://172.23.153.220/th.pdf | ||
| 905 |
_aMustafa _eRevisor |
||
| 905 |
_aSamia _eCataloger |
||
| 942 |
_2ddc _cTH |
||
| 999 |
_c6236 _d6236 |
||